Sinai and the Monastery of St. Catherine /

محفوظ في:

المؤلف الرئيسي: Galey, John.

مؤلفون آخرون: Forsyth, George H., Weitzmann, Kurt, 1904-1993.

التنسيق: كتاب

اللغة: English

منشور في: Cairo, Egypt : American University in Cairo Press, c1985.

الموضوعات:

الوسوم: إضافة وسم

لا توجد وسوم, كن أول من يضع وسما على هذه التسجيلة!

رقم الطلب: ( F )NA6084 .S5 G34 1985

LEADER 00861nam a2200265 a 4500
001 rdb02173261
003 OSt
005 20240221091949.0
008 860617s1985 ua a b 001 0 eng
999 |c 56995  |d 56995 
010 |a 86172999 
020 |a 9774241185 
040 |c ARCE Library 
043 |a f-ua--- 
050 4 |a ( F )NA6084 .S5 G34 1985 
100 1 |a Galey, John. 
245 1 0 |a Sinai and the Monastery of St. Catherine /   |c John Galey ; introduction, George H. Forsyth, Kurt Weitzmann. 
260 |a Cairo, Egypt :  |b American University in Cairo Press,  |c c1985. 
300 |a 189 p. :  |b col. ill. ;  |c 32 cm. 
504 |a Includes bibliographical references (p. 187-189) and index. 
610 2 0 |a Saint Catherine (Monastery : Mount Sinai) 
700 1 |a Forsyth, George H. 
700 1 |a Weitzmann, Kurt,  |d 1904-1993. 
901 |a reviewed 
942 |2 lcc  |c BK